| 000 | 03771cam a2200385 i 4500 | ||
|---|---|---|---|
| 001 | 768714001 | ||
| 003 | CO-MdFUSB | ||
| 005 | 20230307113952.0 | ||
| 007 | ta | ||
| 008 | 020611s2002 ilu b 001 0 eng | ||
| 020 | _a083082684X | ||
| 040 |
_aDLC _cCO-MdFUSB _bspa _dCO-MdFUSBC _erda |
||
| 041 | _aeng | ||
| 042 | _apcc | ||
| 082 |
_223 _a230.041 _bB582 |
||
| 245 | 1 |
_aBiblical theology : _bretrospect and prospect _c/ Scott J. Hafemann. |
|
| 264 | 1 |
_aDowners Grove, Ill. : _bInterVarsity Press, _c[2002] |
|
| 264 | 4 | _c© 2002 | |
| 300 |
_a300 páginas _c; 23 cm |
||
| 336 |
_2rdacontent _atexto _btxt |
||
| 337 |
_2rdamedia _asin mediación _bn |
||
| 338 |
_2rdacarrier _avolumen _bnc |
||
| 504 | _aIncluye referencias bibliográficas e índices | ||
| 505 |
_tTeología Bíblica: Retrospectiva y perspectiva / Scott J. Hafemann
Primera parte: La cuestión del "Antiguo Testamento"
_aEl fundamento de la teología bíblica. --La teología bíblica y la composición de la Biblia hebrea / John H. Sailhamer. -- Génesis 1-4: El Génesis de la Instrucción del Antiguo Testamento / Brian G.Toews. -- Génesis 2:1-17: Un presagio de la nueva creación / William J. Dumbrell. -- Geografía y genealogía, dominio y dinastía una teología de la biblia hebrea / Stephen G. Dempster. -- Qué Es "Canónico" En Un Canónico. -- ¿Teología Bíblica? Génesis como estudio de caso de propuestas recientes del Antiguo Testamento / Richard Schultz. -- Salmos Y Saltero: Paradigma para la teología bíblica / Gerald H.Wilson. -- Representación figural y unidad canónica / M. Jay pozos |
||
| 505 |
_tSegunda Parte: El testimonio del "Nuevo Testamento": _aLa culminación de la teología bíblica. -- La Visión De San Jesús Para La Restauración De Israel Como Base De Una Teología Bíblica Del Nuevo Testamento / James M. Scott. -- Diversidad y unidad en el Nuevo Testamento / Andreas J. Köstenberger. -- El Nuevo Testamento y la nueva creación / G. K. Beale. -- Mi experiencia con la teología bíblica /Pedro Stuhlmacher |
||
| 505 |
_tParte tres: la unidad de la Biblia: El desafío de la teología bíblica:
_aDos testamentos y el fallo de una tradición historia / Christopher R. Seitz. -- Concepciones dialógicas del lenguaje y el problema de la unidad bíblica / Nicholas Perrin. – La estructura conceptual de la teología del Nuevo Testamento / Stephen E. Fowl. -- Dispensacionalismo progresivo y el contraste ley/evangelio: Un estudio de caso en teología bíblica / Daniel P Fuller. -- El futuro de la teología bíblica / Ted Dorman |
||
| 505 |
_tCuarta parte: Teología bíblica: Prospecto
_aLa teología bíblica y la totalidad de la escritura…. Pasos hacia un programa para el futuro / Paul R. Casa. -- La teología bíblica como el latido del corazón del ministerio efectivo / Graeme L. Goldsworthy |
||
| 520 | _a"Desde la declaración de Brevard Childs de la crisis de la teología bíblica en 1970, la disciplina ha enfrentado rumores de su inminente desaparición. Pero el paciente se niega a morir. Los médicos continúan discutiendo sobre cómo proceder con el tratamiento e incluso sobre si el tratamiento es vale la pena seguir, pero el paciente aguanta". "El cambio de milenio parece ser un buen momento para una nueva evaluación de la disciplina, dónde ha estado, el estado de varias cuestiones dentro de ella y sus perspectivas de futuro. scott Hafemann reúne a un excelente equipo de profesionales, académicos de la disciplinas de estudios tanto del Antiguo como del Nuevo Testamento, para darnos un informe de estado" | ||
| 563 | _aRústico | ||
| 650 | 7 |
_9320 _aTeología bíblica |
|
| 700 | 1 |
_aHafemann, Scott J. _eeditor |
|
| 942 | _cBK | ||
| 945 | _aJTF-925 | ||
| 999 |
_c68518 _d68518 |
||